Представление документа в формате MARC21

ПолеНазваниеЗначение
  Тип записи a
  Библиографический уровень m
001 Контрольный номер RU\infra-m\znanium\bibl\1013019
005 Дата корректировки 20230313235215.4
008 Кодируемые данные 221222s2019 RU g rus u
020 Индекс ISBN __
a ISBN 978-5-16-014959-2
020 Индекс ISBN __
a ISBN 978-5-16-107455-8
040 Источник каталогиз. __
a Служба первич. каталог. Общество с ограниченной ответственностью «ЗНАНИУМ»
041 Код языка издания __
a Код языка текста rus
044 Код страны публикации __
a Код страны публикации RU
080 Индекс УДК __
a Индекс УДК [378.6+792](075.8)
084 Индекс другой классификации/Индекс ББК __
2 Источник индекса rubbk
a Индекс другой классификации/Индекс ББК 74.58:85.33я73
084 Индекс другой классификации/Индекс ББК __
2 Источник индекса okso
a Индекс другой классификации/Индекс ББК 52.05.01
100 Автор __
a Автор Кузин Александр Сергеевич
q Полное имя Александр Сергеевич
245 Заглавие __
a Заглавие Театральная школа: современные смыслы
b Продолж. заглавия Учебное пособие
c Ответственность Ярославский государственный театральный институт
250 Сведения об издании __
a Основные сведения об издании 1
260 Выходные данные __
a Место издания Москва
b Издательство ООО "Научно-издательский центр ИНФРА-М"
c Дата издания 2019
300 Физическое описание __
a Объем 284 с.
440 Серия __
a Серия Высшее образование: Специалитет
520 Аннотация __
a Аннотация Современные смыслы театральной профессиональной школы автор учебного пособия раскрывает в ходе анализа собственного многолетнего опыта «выращивания» будущих творцов с опорой на мощный отечественной режиссерско-педагогический контекст. Оригинальность авторской идеи заключается в том что эти смыслы школы А.С. Кузин видит не только в собственно скрупулезно воссозданном процессе аудиторного обучения но и в работе над дипломными спектаклями а также распространяет представление о смыслах на собственных учителей — режиссеров актеров; на спектакли поставленные в русле школы за пределами вуза; на коллег в том числе художников. Так формируется комплексное синтетическое представление об актерской школе как о целостной сфере театральной жизни.
521 Примеч. о цел. назн. __
a Примеч. о целев. назн. ВО - Специалитет
650 Тематические рубрики __
a Основная рубрика Архитектура. Искусство
x Основная подрубрика Театр
856 Электронный адрес документа 4_
a Имя сервера/домена znanium.com
m Помощь ebs_support@infra-m.ru
n Местонахождение сервера НИЦ ИНФРА-М
u URL https://znanium.com/catalog/document?id=341444
856 Электронный адрес документа 41
a Имя сервера/домена znanium.com
d Путь /cover/1013
f Электронное имя 1013019.jpg
q Тип электронного формата image/jpeg
u URL https://znanium.com/cover/1013/1013019.jpg
911 __
u 0030=https://znanium.com/catalog/document?id=341444
911 __
u 608a=Учебное пособие
u 6082=local
911 __
u 9033=019
911 __
u 951p=s://znanium.com/catalog/document?id=341444&pid=